000 00291nam a22001217a 4500
008 230620b xxu||||| |||| 00| 0 eng d
082 _a325.67
_2CHU
100 _cMajor Archibald Church
245 _aEast Africa
_bA new dominion
260 _aLondon
_c1927
300 _a315p
942 _2ddc
_cBK
999 _c1923
_d1923